車内放送に三浦七緒子を採用している鉄道会社 - Statistics

General Stats
  • This quiz has been taken 407 times
    88 since last reset
  • The average score is 8 of 18
Answer Stats
鉄道会社 使用路線 % Correct
東日本旅客鉄道 山手線など
100%
九州旅客鉄道 長崎本線/大村線系統
78%
東海旅客鉄道 東海道本線(沼津以東)
77%
西日本旅客鉄道 特急スーパーはくと
75%
西日本鉄道 天神大牟田線など
51%
札幌市交通局 東豊線
44%
山陽電気鉄道 網干線
42%
東京臨海高速鉄道 りんかい線
42%
横浜市交通局 グリーンライン
33%
青い森鉄道 青い森鉄道線
32%
愛知環状鉄道 愛知環状鉄道線
30%
湘南モノレール 江の島線
29%
富士山麓電気鉄道 大月線/河口湖線
29%
智頭急行 特急スーパーはくと
29%
仙台空港鉄道 仙台空港アクセス線
27%
福岡市交通局 七隈線
26%
信楽高原鐵道 信楽線
25%
愛知高速交通 東部丘陵線
18%
No matching quizzes found
Score Distribution
Percent of People with Each Score
Percentile by Number Answered
Your Score History
You have not taken this quiz since the last reset